| 000 | 00766nam a2200217 a 4500 | ||
|---|---|---|---|
| 005 | 20160220104839.0 | ||
| 008 | 140313t2003 ck a gr|||| 00| 0 spa d | ||
| 040 |
_aCO-BoIAVH _cCO-BoIAVH |
||
| 041 | _aspa | ||
| 044 | _ack | ||
| 082 | 0 | 4 |
_a346.0467515 _bC73n |
| 110 | 2 | _bComité de Normas para Plantaciones del GTCFV | |
| 245 | 1 | _aNormas para la certificación forestal voluntaria de plantaciones forestales y bosques naturales en Colombia bajo el esquema del FSC | |
| 260 |
_aCali _bWWF _c2003 |
||
| 300 |
_a113 p. : _bilustraciones. ; _c28 x 21 cm |
||
| 650 | 4 | _aLeyes forestales | |
| 650 | 4 | _alegislación forestal | |
| 710 | _a^aComité de normas para Bosques Naturales del GTCFV | ||
| 942 |
_cLIBRO _2ddc |
||
| 945 | _d2004-08-13 | ||
| 999 |
_c4060 _d4060 |
||